| 000 | 01497nam2a2200253 4500 | ||
|---|---|---|---|
| 001 | RU\NLR\BIBL_A\022771748 | ||
| 005 | 20260420103759.0 | ||
| 010 |
_a978-5-9933-0625-4 _bч. 1 |
||
| 021 |
_aRU _bКН-П-26-009151 _9КН-П-26-0871 |
||
| 035 | _a(NLR Aleph) 022771748 | ||
| 090 |
_a13650775 _c13650775 |
||
| 100 | _a20260401d2025 u y0rusy50 ca | ||
| 101 | 0 | _arus | |
| 102 | _aRU | ||
| 105 | _aa j 000yy | ||
| 200 | 0 | _aЧ. 1 | |
| 210 | _d2025 | ||
| 215 |
_a367 с. _cил. |
||
| 320 | _aБиблиогр.: с. 329-367 и в сносках и коммент.: с. 306-328 | ||
| 461 | 0 |
_1001RU\NLR\BIBL_A\022771742 _12001#$aПрактическая психология в преподавании сценической речи и художественного слова в театральном вузе$vЧ. 1 _1700#1$aРадциг$bМ. Н.$gМаргарита Николаевна _913693507 _aРадциг, М. Н. _cМосква _d2025 _fМ. Н. Радциг _nГраница _oучебно-методическое пособие : для студентов, аспирантов, стажёров и преподавателей театральных вузов : в 2-х частях _tПрактическая психология в преподавании сценической речи и художественного слова в театральном вузе _y978-5-9933-0624-7 _vЧ. 1 |
|
| 942 | _cBOOK | ||
| 980 | _aNB | ||